Sudden Death: Rappers from LA Area - Statistics

General Stats
  • This quiz has been taken 86 times
  • The average score is 4 of 12
Answers on the Grid
Answers color-coded by a green-red scale on the quiz's grid according to % correct below.
Tyler, The Creator
Eminem
Kendrick Lamar
Lil Wayne
Glorilla
Roddy Ricch
50 Cent
2Pac
Ab-Soul
Casey Veggies
Cardi B
Domo Genesis
Drake
J. Cole
The Game
Frank Ocean
Nas
Nipsey Hussle
ScHoolboy Q
Biggie
YG
Dave
Young Threat
Nelly
 
Answer Stats
Answer % Correct
LA Kendrick Lamar
90%
LA Tyler, The Creator
60%
LA Roddy Ricch
43%
LA Ab-Soul
31%
LA Nipsey Hussle
24%
LA The Game
24%
LA ScHoolboy Q
21%
LA YG
21%
LA Frank Ocean
19%
LA Casey Veggies
17%
LA Domo Genesis
14%
LA Young Threat
10%
No matching quizzes found
Score Distribution
Percent of People with Each Score
Percentile by Number Answered
Your Score History
You have not taken this quiz